| 000 | 01605nam a2200433 i 4500 | ||
|---|---|---|---|
| 001 | bg | ||
| 003 | BPK | ||
| 005 | 20220919122809.0 | ||
| 008 | 980713s1997 pl |001 0 pol | ||
| 015 | _aPB 1997/591 | ||
| 020 | _a832080986X | ||
| 040 |
_aWA N _cBPK |
||
| 041 | 1 |
_apol _heng |
|
| 080 | _a336.2(038)=111=162.1 | ||
| 245 | 0 | 0 |
_aMiędzynarodowy słownik podatkowy / _cpod red. Susan M. Lyons ; tł. [z ang.] Agnieszka Krawczyk ; hasła pol. i weryfikacja nauk. Jan Głuchowski. |
| 246 | 1 |
_iTyt. oryg.: _aInternational tax glossary, _f1992. |
|
| 260 |
_aWarszawa : _bPolskie Wydawnictwo Ekonomiczne ; _a[Amsterdam] : _bInternational Bureau of Fiscal Documentation, _c1997. |
||
| 300 |
_a606, [6] s. ; _c20 cm. |
||
| 336 |
_2rdacontent _aTekst _btxt |
||
| 337 |
_2rdamedia _aBez urządzenia pośredniczącego _bn |
||
| 338 |
_2rdacarrier _aWolumin _bnc |
||
| 380 | _aKsiążki | ||
| 388 | _a1901-2000 | ||
| 388 | _a1989-2000 | ||
| 504 | _aIndeks. | ||
| 650 | 4 | _aJęzyk angielski | |
| 650 | 4 | _aJęzyk polski | |
| 650 | 4 | _aPodatek | |
| 650 | 4 | _aTerminologia | |
| 655 | 4 | _aSłownik terminologiczny | |
| 655 | 4 | _aSłownik angielsko-polski | |
| 658 | _aGospodarka, ekonomia, finanse | ||
| 658 | _aJęzykoznawstwo | ||
| 700 | 1 |
_aKrawczyk, Agnieszka _c(nauki ekonomiczne). _eTłumaczenie |
|
| 700 | 1 |
_aGłuchowski, Jan _d(1940- ) _eOpracowanie |
|
| 710 | 2 | _aPolskie Wydawnictwo Ekonomiczne | |
| 856 |
_uhttp://koha.tu.koszalin.pl/cgi-bin/koha/opac-detail.pl?biblionumber=33282 _yKatalog online BPK |
||
| 942 |
_2UKD _cKS |
||
| 999 |
_c33282 _d33282 |
||